| 000 | 00704nam a2200229 a 4500 | ||
|---|---|---|---|
| 003 | MX-MxUPN | ||
| 005 | 20230914063607.0 | ||
| 008 | 230814s1987 mx |||||r|||| 000 e spa d | ||
| 020 | _a968291342X | ||
| 040 |
_aMX-MxUPN _bspa _cMX-MxUPN |
||
| 041 | 0 | _aspa | |
| 050 | 1 | 4 |
_aPQ7298.23 O56 _bB36 1987 |
| 100 | 1 |
_aMonsreal, Agustín, _d1941- _930393 |
|
| 245 | 1 | 3 | _aLa banda de los enanos calvos |
| 250 | _aPrimera edición. | ||
| 260 |
_aMéxico, D.F. : _bSecretaría de Educación Pública, _c1987 |
||
| 300 | _a151 páginas | ||
| 490 | 0 |
_aLecturas mexicanas. Segunda serie ; _v83 |
|
| 650 | 4 |
_aEnsayos mexicanos _97886 |
|
| 902 |
_aGerardoPiña/140823 _bVíctor Ruiz/130923 |
||
| 942 |
_2lcc _cLIBRO |
||
| 999 |
_c210021 _d210021 |
||